Programming applications for Microsoft Outlook 2007 / (رقم التسجيلة. 180367)

تفاصيل مارك
000 -LEADER
fixed length control field 01389camaa22003972i 4500
001 - CONTROL NUMBER
control field 14676087
003 - CONTROL NUMBER IDENTIFIER
control field EG-GICUC
005 - DATE AND TIME OF LATEST TRANSACTION
control field 20260604111507.0
008 - FIXED-LENGTH DATA ELEMENTS--GENERAL INFORMATION
fixed length control field 061219s2007 waua jr 001 0 eng
010 ## - LIBRARY OF CONGRESS CONTROL NUMBER
LC control number 2006940673
020 ## - INTERNATIONAL STANDARD BOOK NUMBER
International Standard Book Number 9780735622494
Qualifying information pbk.
020 ## - INTERNATIONAL STANDARD BOOK NUMBER
International Standard Book Number 0735622493
Qualifying information pbk.
040 ## - CATALOGING SOURCE
Original cataloging agency DLC
Transcribing agency DLC
Modifying agency DLC
-- EG-GICUC
Language of cataloging eng
Description conventions rda
050 00 - LIBRARY OF CONGRESS CALL NUMBER
Classification number HD69.T54
Item number B973 2007
082 04 - DEWEY DECIMAL CLASSIFICATION NUMBER
Edition number 21
Classification number 005.367
Item number B9966
092 04 - LOCALLY ASSIGNED DEWEY CALL NUMBER (OCLC)
Edition number 21
Classification number 005.367
Item number B9966
099 ## - LOCAL FREE-TEXT CALL NUMBER (OCLC)
Classification number 005.367 B9966
100 1# - MAIN ENTRY--PERSONAL NAME
Personal name Byrne, Randy.
Relator term Author.
245 10 - TITLE STATEMENT
Title Programming applications for Microsoft Outlook 2007 /
Statement of responsibility, etc. Randy Byrne, Ryan Gregg.
264 ## - PRODUCTION, PUBLICATION, DISTRIBUTION, MANUFACTURE, AND COPYRIGHT NOTICE
Place of production, publication, distribution, manufacture Redmond, Wash. :
Name of producer, publisher, distributor, manufacturer Microsoft Press,
Date of production, publication, distribution, manufacture, or copyright notice c2007.
300 ## - PHYSICAL DESCRIPTION
Extent xxxvi, 568 pages :
Other physical details illustrations ;
Dimensions 24 cm.
336 ## - CONTENT TYPE
Content type term text
Content type code txt
Source rdacontent
337 ## - MEDIA TYPE
Media type term unmediated
Media type code n
Source rdamedia
338 ## - CARRIER TYPE
Carrier type term volume
Carrier type code nc
Source rdacarrier
500 ## - GENERAL NOTE
General note Includes index.
504 ## - BIBLIOGRAPHY, ETC. NOTE
Bibliography, etc. note Bibliography: pages 543-568.
541 ## - IMMEDIATE SOURCE OF ACQUISITION NOTE
Source of acquisition وزارة الثقافة ؛
Address القاهرة ؛
Method of acquisition إهداء ؛
Date of acquisition 2023.
630 00 - SUBJECT ADDED ENTRY--UNIFORM TITLE
Uniform title Microsoft Outlook.
650 #0 - SUBJECT ADDED ENTRY--TOPICAL TERM
Topical term or geographic name entry element Application software
General subdivision Development.
650 #0 - SUBJECT ADDED ENTRY--TOPICAL TERM
Topical term or geographic name entry element Time management
General subdivision Computer programs.
650 #0 - SUBJECT ADDED ENTRY--TOPICAL TERM
Topical term or geographic name entry element Personal information management
General subdivision Computer programs.
700 1# - ADDED ENTRY--PERSONAL NAME
Personal name Gregg, Ryan.
Relator term Author.
856 41 - ELECTRONIC LOCATION AND ACCESS
Materials specified Table of contents only
Uniform Resource Identifier <a href="http://www.loc.gov/catdir/toc/fy0714/2006940673.html">http://www.loc.gov/catdir/toc/fy0714/2006940673.html</a>
905 ## - Cataloger and Reviser Names
Cataloger Name Samah
942 ## - ADDED ENTRY ELEMENTS (KOHA)
Source of classification or shelving scheme Dewey Decimal Classification
Koha item type Books
Edition 21
Suppress in OPAC No
المقتنيات
Withdrawn status Lost status Source of classification or shelving scheme Damaged status Not for loan Home library Current library Date acquired Inventory number Total checkouts Full call number Barcode Date last seen Price effective from Koha item type
    Dewey Decimal Classification   Not for loan مكتبة جامعة القاهرة الاهلية قاعة الهندسة 04.06.2026 49   005.367 B9966 02010004900000 04.06.2026 04.06.2026 Books
Cairo University Libraries Portal Implemented & Customized by: Eng. M. Mohamady Contacts: new-lib@cl.cu.edu.eg | cnul@cl.cu.edu.eg
CUCL logo CNUL logo
© All rights reserved — Cairo University Libraries
CUCL logo
Implemented & Customized by: Eng. M. Mohamady Contact: new-lib@cl.cu.edu.eg © All rights reserved — New Central Library
CNUL logo
Implemented & Customized by: Eng. M. Mohamady Contact: cnul@cl.cu.edu.eg © All rights reserved — Cairo National University Library